El alma de España y sus reflejos en la literatura del Siglo de Oro / (Record no. 108721)
[ view plain ]
| 000 -LEADER | |
|---|---|
| campo de control de longitud fija | 00511nam a2200169 4500 |
| 001 - NÚMERO DE CONTROL | |
| campo de control | 108721 |
| 003 - IDENTIFICADOR DE NÚMERO DE CONTROL | |
| campo de control | ES-MaACL |
| 005 - FECHA Y HORA DE LA ÚLTIMA TRANSACCIÓN | |
| campo de control | 20230906184709.0 |
| 007 - CAMPO FIJO DE DESCRIPCIÓN FÍSICA--INFORMACIÓN GENERAL | |
| campo de control de longitud fija | t| |
| 008 - DATOS DE LONGITUD FIJA--INFORMACIÓN GENERAL | |
| campo de control de longitud fija | 061121s1942 sp r ||||1| spa d |
| 110 00 - ENTRADA PRINCIPAL--NOMBRE DE ENTIDAD CORPORATIVA | |
| Nombre de entidad corporativa o nombre de jurisdicción como elemento de entrada | Montoliu, Manuel de ( |
| Fecha del congreso o de la firma del tratado | 1877-1961) |
| 9 (RLIN) | 216291 |
| 245 13 - MENCIÓN DEL TÍTULO | |
| Título | El alma de España y sus reflejos en la literatura del Siglo de Oro / |
| Mención de responsabilidad, etc. | Manuel Montoliu. |
| 260 ## - PUBLICACIÓN, DISTRIBUCIÓN, ETC. | |
| Lugar de publicación, distribución, etc. | Barcelona : |
| Nombre del editor, distribuidor, etc. | Cervantes, |
| Fecha de publicación, distribución, etc. | [1942?] |
| 300 ## - DESCRIPCIÓN FÍSICA | |
| Extensión | 749 p. ; |
| Dimensiones | 22 cm. |
| 852 ## - LOCALIZACIÓN | |
| Ubicación | ES-MaACL |
| Número de control de estantería | F-13933 |
| Sublocalización o colección | R.19869 |
| Estatus retirado | Estado de pérdida | Estado de daño | No para préstamo | Biblioteca de origen | Biblioteca actual | Ubicación en estantería | Fecha de adquisición | Fuente de adquisición | Total de préstamos | Signatura topográfica completa | Código de barras | Visto por última vez | Precio de reemplazo | Tipo de ítem Koha |
|---|---|---|---|---|---|---|---|---|---|---|---|---|---|---|
| Biblioteca del Ateneo de Madrid | Biblioteca del Ateneo de Madrid | Sala Pecera Planta 2 | 17/01/2008 | F-13933 | 1113446 | 23/02/2023 | 23/02/2023 | Libro impreso |
